[Event "Moscow Tal Memorial 6th"]
[Site "Moscow"]
[Date "2011.11.18"]
[Round "3"]
[White "Kramnik, Vladimir"]
[Black "Carlsen, Magnus"]
[Result "1/2-1/2"]
[WhiteElo "2800"]
[BlackElo "2826"]
[Annotator "Ramirez Alvarez,A"]
[PlyCount "81"]
[EventDate "2011.11.16"]
[EventType "tourn"]
[EventRounds "9"]
[EventCountry "RUS"]
[EventCategory "22"]
[SourceTitle "CBM 146"]
[Source "ChessBase"]
[SourceDate "2012.01.18"]
[SourceVersion "1"]
[SourceVersionDate "2012.01.18"]
[SourceQuality "1"]
[TimeControl "6000+30"]

1. c4 e5 2. g3 Nf6 3. Bg2 h6 {This waiting move is not unknown. Black is
waiting for White to define the positions of some of his pieces before
defining his own.} 4. Nc3 Bb4 5. e4 Nc6 (5... Bxc3 {right away is far more
popular, and has been the choice of several top-GMs. Magnus has a completely
different idea.}) 6. Nge2 Bc5 {The bishop returns to c5 now that the dark
squares have been weakened.} 7. d3 d6 8. h3 (8. O-O Bg4 {might be
uncomfortable as another defender of the dark squares will be traded off.})
8... Nh7 $5 {[%csl Rd4][%cal Gh7g5,Gg5e6,Rh7f8,Rf8e6,Re6d4] Already quite
original play. Black is targeting the weakness left on h3 after an eventual
0-0, gaining a tempo in a long but useful manoeuvre. He also prepares a
potential f5, though it does not happen in this game.} (8... O-O 9. O-O Be6 {
was also perfectly possible.}) 9. a3 a6 10. O-O Ng5 11. Kh2 Ne6 {The N lands
in e6, cementing the control over d4 and becoming quite useful overall.} 12. f4
Bd7 13. b4 Ba7 14. Nd5 Ned4 15. Nec3 {The position is very messy. White has
more space everywhere but has a glaring weakness in d4. His king is safe for
now, but the more he expands on the kingside the more vulnerable he becomes.
Magnus tries to lure him into doing precisely that.} Be6 16. f5 Bd7 17. Rb1 Nb8
$5 {with the simple idea of playing c6. Black's pieces do seem awkward, but he
has great control over the dark squares since he provoked f5.} 18. c5 (18. Qg4
Kf8 $1 {is very unclear. Notice how it is difficult for White to develop any
sort of kingside initiative.}) 18... dxc5 19. bxc5 Bc8 {It seems like Black is
playing completely aimlessly, but it's actually not so simple. If White's
initiative doesn't take off NOW he will be pushed back in a few moves. The
c5-pawn is quite vulnerable, his B on g2 is not participating in the game just
yet and his structure is not great, not to mention he still has no control
over d4. Kramnik MUST use these next few moves.} 20. Qh5 (20. Qg4 $1 Kf8 {
and again it is unclear why the Q is on g4, however there is a subtle point
this time around.} (20... g5 {is a much stronger move.} 21. Qh5 c6 $1 22. Bxg5
Qxg5 23. Nc7+ $1 (23. Qxg5 hxg5 24. Nc7+ Kd8 25. Nxa8 Bxc5 26. Nb6 Bxb6 27.
Rxb6 Nb5 $1 {traps the rook on b6.}) 23... Ke7 $1 (23... Kd8 $2 24. Qxf7 Rg8
25. g4 {and the presence of the queens clearly favours White.}) 24. Qxg5+ hxg5
25. Nxa8 Bxc5 26. Na4 $44 {is plenty of compensation for Black because of his
strong hold on the dark squares, but White is up the exchange.}) (20... g6 $2
21. Rxb7 h5 22. Qg5 Qxg5 (22... Bxb7 23. Nf6+ Ke7 24. fxg6 $18) 23. Nxc7+ Kd7
24. Nxa8+ Bxb7 25. Bxg5 Bxa8 26. fxg6 $18) 21. Qh5 Nd7 $2 (21... f6 22. Nxf6 $1
$18 Qxf6 (22... gxf6 23. Bxh6+ Rxh6 24. Qxh6+ Kg8 25. Nd5 Nd7 26. Qg6+ Kh8 27.
Qh5+ Kg8 28. g4 {The idea of g5 is unstoppable, and the attack irresistible.}
c6 29. g5 $1 {A great piece sacrifice to finish Black off quickly.} cxd5 30.
exd5 Qf8 31. d6 $18 {and the passive bishop jumps into action with deadly
consequences.}) 23. Nd5 Qf7 (23... Qd8 24. f6 {is clearly crushing.}) 24. Qxf7+
Kxf7 25. Nxc7 Bxc5 26. Nxa8 $18 {and the N should make it back. Black still
has some dark square control but an exchange and a pawn is an exchange and a
pawn.}) (21... Nbc6 22. f6 g6 23. Bxh6+ Ke8 24. Qxg6 {Anyways!} fxg6 25. f7+
Kd7 26. f8=Q Rxf8 27. Rxf8 Qxf8 28. Bxf8 Ne6 29. Rf1 $1 $16 {and White has an
extra pawn; although his bishop on g2 is relatively out of play, Black's
pieces aren't that great either. Black might have some compensation but White
holds the advantage.}) (21... Bxc5 22. f6 g6 23. Qxe5 {[%csl Rc7,Rd4][%cal
Ge5c7,Gc1e3,Ge3d4] is a big disadvantage of not being developed. With the
centre being ripped open like this (Black will soon lose control over d4) his
position becomes hopeless.}) 22. f6 {and now g6 is not possible since Bxh6 is
check.} g6 23. Bxh6+ Ke8 {and now Black would be ok after Qg5 Nxc5, but the
bombshell is...} 24. Qxg6 $1 {and White should be just winning.}) 20... Nd7 21.
Na4 (21. f6 $2 g6 {is just pointless now.}) (21. Bg5 Qxg5 22. Qxg5 hxg5 23.
Nxc7+ Kd8 24. Nxa8 Bxc5 {gives Black a fantastic position for the sacrificed
material. That is assuming that the N on a8 ever gets out without too many
losses.}) 21... c6 $5 {The start of fantastic complications.} (21... Nf6 22.
Qh4 Nxd5 23. Qxd8+ Kxd8 24. exd5 Bd7 $13 {looks quite good for Black, though
White is not without chances in this position. Maybe a strange dynamic
equality.}) 22. Ndb6 (22. Bg5 {was another possibility, but Black should come
out on top after barely sacrificing the exchange.}) 22... Nxc5 {You could say
this is the critical point: if White takes on a8 Magnus will take the N on a4
and it is hard to believe the a8-N will ever be retrieved. Kramnik proves it
is not as easy as that.} 23. f6 g5 {Forced.} 24. Bxg5 $5 (24. Nxc8 Qxc8 $8 25.
Nxc5 Bxc5 26. h4 $5 {is very messy, but was probably better than the game
continuation.} Rg8 (26... gxh4 $6 27. Qxe5+ Ne6 28. Bh3 hxg3+ 29. Kg2 {and
it's hard to find a good move for Black.}) 27. Bh3 Ne6 28. Bb2 Bd6 {and White
has a lot of play for his pawn. Notice how important it is to have activated
the white squared bishop in these lines. That's why I think this idea of 24.
Nxc8 and an eventual h4 is stronger.}) 24... Nxa4 25. Nxa8 (25. Nxa4 $6 b5 26.
Nc3 Be6 {looks quite good for Black.}) 25... b5 26. Be3 Bb8 27. g4 {...with
the idea of g5-g6. There are tons of possibilities for Black, let's look at
some of them.} Rg8 $1 {Personally I think this move is best. It calmly gives
away a pawn, but controls the important g6-square, which means Magnus doesn't
have to worry about the kingside being blasted open any time soon.} (27... c5
$5 28. g5 Be6 29. g6 fxg6 30. Qxg6+ Bf7 31. Qg7 Rg8 32. Qxh6 Bd6 33. Bxd4 exd4+
34. e5 Bxe5+ 35. Kh1 Rxg2 36. Kxg2 Qxa8+ 37. Kg1 $11 {With both kings so
exposed, it is impossible to believe one side will win this. A perpetual is
the most likely outcome.}) (27... Be6 {trying to immediately trap the N on a8,
quick action must be taken.} 28. g5 Ba7 29. g6 Qxa8 30. g7 Rg8 31. Qxh6 $13 {
Black will never rid himself of the strong passed pawns, but he dominates the
rest of the board. I would prefer to be White but anything can happen.}) (27...
Nc5 {bringing the N back into action!} 28. g5 Be6 29. g6 $2 (29. gxh6 $1 Nd7
30. Qg5 Nf8 {is again very difficult to asess.}) 29... fxg6 30. Qxg6+ Bf7 31.
Qg7 Rg8 32. Qxh6 Nce6 $1 {and since the N is so active in this line, Black
should be better. The centre is held nicely and the N on a8 is doomed.}) 28.
Qxh6 Be6 29. Rbc1 Kd7 $1 {Protects the rook on g8, the pawn on c6, threatens ..
.Bxg4 and puts the K on a safer square!} 30. Bxd4 exd4+ 31. e5 Nc3 32. Rxc3 {
Absolutely forced.} (32. Qf4 $2 Ba7 {and White is lost, as pointed out by Vlad
during the postmortem.}) 32... Bxe5+ 33. Kh1 dxc3 34. Qe3 {Again, Black has
options. 34...Bd6, Kd6 and the move played in the game all come to mind.} Qb8 (
34... Bd6 35. Qa7+ (35. Nb6+ Kc7 36. Na4 $1 {a fantastic resource!} bxa4 $4 (
36... Kb8 37. Nxc3 Bc7 {and White's square weaknesses are starting to tell,
since Black's king is rather safe. The game is still complex though.}) 37. Qa7+
Kc8 38. Qa8+ Bb8 39. Qxa6+ Kd7 40. Qxc6#) 35... Ke8 36. Qxa6 Kf8 37. Qxc6 Rh8 {
[%cal Gh8h1] looks dangerous for White.}) (34... Kd6 $5 {Getting away from
potential checks on a7 and defending the bishop. However the king might be a
little over exposed.} 35. d4 Bxf6 36. Qxc3 Ke7 37. Qxc6 Bxd4 38. Nc7 Qd7 39.
Qxd7+ $11) 35. Qc5 $6 {Easy to attach a ?! when using an engine to analyse,
but truth be told this move looks like the most obvious way to a draw.} (35. d4
$5 Bd6 36. d5 cxd5 37. Nb6+ Kd8 (37... Kc6 $2 38. Nxd5 Bxd5 39. Qxc3+ $18) 38.
Nxd5 Bxd5 39. Bxd5 $13 {with a very murky position. Any queen trade will
transpose the game into an opposite coloured bishop endgame in which the
chances for a draw are high.}) 35... Qd6 36. Qa7+ Kd8 37. Qxa6 (37. Nb6 Rg6 {
Black is simply threatening Rxf6, with a decisive advantage, so White has to
do something quickly. It seems like he doesn't have enough resources.} 38. Qa8+
Qb8 39. Qxc6 Rxf6 40. Rxf6 Bxf6 41. Nd5 Bg7 $1 (41... Bd4 42. Nb4 $1 {The only
fighting chance.} (42. Nxc3 $2 Qg3 $19 {and the attack is decisive.}) 42... Qb6
(42... Qg3 43. Qa8+ Ke7 $2 44. Nc6+ $18) 43. Qa8+ Ke7 44. Nc6+ Kd7 45. Nxd4
Qxd4 46. Qxa6 Qxd3 $15 {and Black's king is too vulnerable to try to win, but
obviously he is the only one with chances.}) 42. Nxc3 Qe5 43. Qb6+ Qc7 {
Forcing the exchange of queens.} 44. Qxc7+ Kxc7 {and Black is down a pawn, but
he has dominating bishops and an active king, not to mention a soon to be
passed pawn on the queenside. This looks very difficult to hold for White.})
37... Bd4 $1 {A nice move, which cuts off the coordination between the N and
the Q, as well as creating Black's own threats on the K-side.} 38. Qa5+ Kc8 39.
Qa6+ Kd8 40. Qa5+ Kc8 41. Qa6+ {And... surprise! Magnus claims three-fold
repetition in a position computers claim he is winning! A small explanation is
required. A wild game and you cannot blame the players for being exhausted
after so much calculation.} (41. Qa6+ Kb8 42. Nb6 {The problem is that in this
situation neither of the players considered the move ...Bc8. It does seem
quite strange, but it beautifully prevents all of White's counterplay, leaving
Black with a dominating position.} Bc8 {Note that without this move, the game
would simply end in a perpetual.} 43. Qa8+ (43. Nxc8 Rxc8 44. a4 b4 45. Qc4 Qc5
{and computers think Magnus is winning, but that's not so obvious at a first
glance.}) 43... Kc7 44. Nxc8 (44. Qa7+ Bb7 {is the point} 45. Nd5+ Qxd5 {
and Black wins.}) 44... Rxc8 45. Qa5+ Kb8 {White has now exhausted his
resources. His position will collapse since he must now shift the focus on to
protecting against the c-pawn.}) 1/2-1/2

[Event "American Continental 2nd"]
[Site "Buenos Aires"]
[Date "2003.08.19"]
[Round "3"]
[White "Spangenberg, Hugo"]
[Black "Malbran, Guillermo"]
[Result "0-1"]
[WhiteElo "2495"]
[BlackElo "2345"]
[Annotator "Ribli,Z"]
[PlyCount "82"]
[EventDate "2003.08.17"]
[EventType "swiss"]
[EventRounds "11"]
[EventCountry "ARG"]
[SourceTitle "CBM 097"]
[Source "ChessBase"]
[SourceDate "2003.11.11"]
[SourceVersion "1"]
[SourceVersionDate "2003.11.11"]
[SourceQuality "1"]

1. g3 e5 2. Bg2 Nf6 3. c4 c6 4. d4 exd4 5. Qxd4 d5 6. Nf3 Bb4+ {Dieser Zug
wird nicht so oft gespielt und nach meiner Meinung ist das nicht die beste
Möglichkeit für Schwarz, weil der Läufer nicht besonders gut auf b4 steht.} (
6... Be7) (6... Be6) 7. Nc3 (7. Bd2 Bxd2+ (7... Be7 8. cxd5 cxd5 9. Ne5 O-O 10.
Nc3 Nc6 11. Nxc6 bxc6 12. O-O c5 13. Qd3 Be6 14. Bg5 Rb8 15. Bxf6 Bxf6 16. Nxd5
Rxb2 17. e3 $2 Rxf2 $1 {0-1 Paehtz,T-Chekhov,V/Rostock 1985/EXT 98 (37)}) 8.
Nbxd2 O-O 9. O-O Qe7 (9... dxc4 10. Nxc4 Na6 11. Rfd1 Be6 12. Qh4 Qe7 13. Ng5
Bxc4 14. Qxc4 h6 15. Nh3 Rad8 {1/2-1/2 Fauland Borek,J-Foulon,G/Moscow 1994/
EXT 99 (20)}) 10. cxd5 cxd5 11. Qd3 Nc6 12. Nb3 Re8 13. Nbd4 Bg4 14. Rfe1 Rad8
{1/2-1/2 Spraggett,G-Palacios,B/Ontario 1993/EXT 98 (25)}) 7... O-O 8. cxd5
Nxd5 9. Bd2 Be7 $5 {[%cal Ge7f6,Gf6a1] Schwarz findet die beste Verteidigung -
der Läufer bekommt eine aktive Stellung auf f6.} 10. Nxd5 cxd5 11. Bc3 Bf6 12.
Qd2 $14 {Der d5P stellt eine potenzielle Schwächung in der schwarzen Stellung
dar und Weiß kontrolliert d4, was einen kleinen, aber dauerhaften
Positionsvorteil bietet.} Nc6 13. Rd1 {Weiß muss sich gegen 13...d4
verteidigen.} (13. O-O $2 d4 14. Bb4 Re8 $36) (13. e3 $14) 13... Be6 14. O-O
Bxc3 15. Qxc3 Rc8 16. b3 (16. Nd4 Qb6 $11) 16... Qb6 17. Rd2 Rfd8 {Schwarz hat
eine aktive Figurenstellung, aber es ist nicht leicht seine Stellung zu
verbessern.} 18. Rfd1 h6 (18... d4 $5 19. Nxd4 (19. Qb2 $5) 19... Nxd4 20. Rxd4
Rxd4 21. Qxd4 Qxd4 (21... Rc1 $6 {Dieser Zug ist schön, aber das ist auch
alles.} 22. Qd2 Rxd1+ 23. Qxd1 $16) 22. Rxd4 Rc1+ 23. Bf1 Kf8 {[%cal Re6h3,
Rc1g1]} 24. Kg2 Rc2 25. Ra4 Bd5+ 26. f3 a6 $44 {[%csl Gc2,Gd5] Es ist nicht
leicht hier, den weißen Plusbauern zu verwerten.}) 19. h3 (19. Nd4 Nxd4 20.
Qxd4 Qxd4 21. Rxd4 Rc2 22. e4 Rxa2 23. exd5 $14) 19... a5 20. Qb2 (20. Nd4 $14)
20... Ra8 {[%cal Ga5a4]} 21. Nd4 {[%csl Gd4][%mdl 32] Eine alte Wahrheit -
wenn der Gegner den isolierten Bauern hat, ist es immer wichtig, das Feld vor
dem Bauern zu blockieren.} a4 22. e3 (22. bxa4 Qxb2 23. Rxb2 Rxa4 24. Nxe6 fxe6
25. f4 $14) 22... axb3 23. axb3 (23. Qxb3 Qxb3 24. axb3 $14) 23... Nb4 24. Qb1
Ra3 25. e4 (25. Nf5 Bxf5 26. Qxf5 Rxb3 27. Bxd5 Nxd5 28. Rxd5 Rxd5 29. Rxd5 $14
) (25. Ne2 $14 {[%cal Ge2f4,Gf4e6,Gf4d5]}) 25... Rda8 (25... dxe4 26. Nxe6 Rxd2
27. Rxd2 Qxe6 $2 (27... fxe6 28. Qxe4 $14) 28. Rd8+ Kh7 29. Bxe4+ g6 30. Qb2
$18 {[%csl Ra3,Rh7][%cal Rb2a3,Rb2h8]}) 26. Nxe6 fxe6 27. Qb2 (27. exd5 Nxd5
28. Bxd5 exd5 29. Rxd5 Rf8 $11 (29... Rxb3 30. Rd8+ Rxd8 31. Rxd8+ Qxd8 32.
Qxb3+ Kh7 33. Qxb7 $14)) 27... Ra2 28. Qe5 $4 {[%mdl 8192] Ein
unverständlicher Fehler.} (28. Qb1) (28. Qc3 Rxd2 29. Rxd2 $14) 28... Nd3 $1 {
[%csl Gd3,Rf2,Rg1][%cal Rb6g1,Ra2f2,Rd3e5] Plötzlich nach diesem Zug steht
Schwarz auf Gewinn - die e5Q hängt und der f2P ist nicht zu verteidigen.} 29.
Rxa2 (29. Rxd3 $2 Qxf2+ $19) 29... Rxa2 $19 30. Qb8+ Kh7 31. Rf1 Rxf2 32. Kh1 (
32. Rxf2 Qxf2+ 33. Kh1 Ne1 $19) 32... Rxf1+ 33. Bxf1 Nf2+ (33... dxe4 $19) (
33... Qf2 34. Bxd3 Qe1+ 35. Kg2 Qd2+ $19) 34. Kh2 Nxe4 {Schwarz hat zwei
Bauern mehr und Gewinnstellung.} 35. Bg2 Qf2 {[%cal Re4d2,Rd2f1,Rd2f3]} (35...
Qxb3 $19) 36. Qe5 Nd2 37. Kh1 Nf3 (37... Nf1 38. Bxf1 Qxf1+ 39. Kh2 Qf5 $19)
38. Bxf3 Qxf3+ 39. Kg1 Qxb3 40. Qxe6 Qxg3+ 41. Kf1 d4 0-1

[Event "Graz zt"]
[Site "Graz"]
[Date "1993.??.??"]
[Round "12"]
[White "Hoelzl, Franz"]
[Black "Lutz, Christopher"]
[Result "1/2-1/2"]
[WhiteElo "2385"]
[BlackElo "2550"]
[Annotator "Ribli,Z"]
[PlyCount "71"]
[EventDate "1993.03.??"]
[EventType "tourn"]
[EventRounds "13"]
[EventCountry "AUT"]
[EventCategory "8"]
[SourceTitle "CBM 035"]
[Source "ChessBase"]
[SourceDate "1993.08.01"]
[SourceVersion "1"]
[SourceVersionDate "1993.08.01"]
[SourceQuality "1"]

1. c4 e5 2. g3 Nf6 3. Bg2 d5 4. cxd5 Nxd5 5. Nf3 Nc6 6. O-O Nb6 7. d3 Be7 8. a3
O-O 9. Nbd2 a5 10. b3 f5 (10... Be6 11. Bb2 f6 12. Qc2 Qd7 13. e3 Rfd8 14. d4
$14 {Chernin,A-Smejkal,J/Altensteig/1991/CBM25/INF52,25/}) 11. Bb2 Bf6 12. b4 (
12. Rc1 $5 {/\ Rxc6}) 12... Nd4 13. Nxd4 exd4 14. Nc4 Nxc4 15. dxc4 axb4 16.
axb4 Rxa1 17. Qxa1 Re8 $10 18. Bf3 Be6 19. Rc1 (19. Rd1 $5 Bxc4 20. Bxd4 Bxd4 (
20... Bxe2 $2 21. Qa2+ Kh8 22. Bxe2 Bxd4 23. Qc4 Qe7 24. Rxd4 Qxe2 25. Qxe2
Rxe2 26. Rd8+ $18) 21. Rxd4 Qf6 22. e3 c6 $10) 19... c6 20. Qa7 Qd7 21. Qb6 f4
22. b5 fxg3 23. hxg3 Rc8 24. Kg2 cxb5 25. cxb5 Rxc1 26. Bxc1 Bd5 27. Qc5 Bxf3+
28. Kxf3 Qe6 29. g4 h6 30. Qf5 Qb3+ 31. Kg2 Qc4 32. Bxh6 Qxe2 33. Bf4 d3 34. g5
Bd4 35. Qd5+ Kh7 36. Qxd4 1/2-1/2

[Event "HUN-ch 56th"]
[Site "Szekesfehervar"]
[Date "2006.03.03"]
[Round "3"]
[White "Portisch, Lajos"]
[Black "Almasi, Zoltan"]
[Result "0-1"]
[WhiteElo "2533"]
[BlackElo "2646"]
[Annotator "Ribli,Z"]
[PlyCount "84"]
[EventDate "2006.03.01"]
[EventType "tourn"]
[EventRounds "9"]
[EventCountry "HUN"]
[EventCategory "13"]
[SourceTitle "CBM 112"]
[Source "ChessBase"]
[SourceDate "2006.06.07"]
[SourceVersion "1"]
[SourceVersionDate "2006.06.07"]
[SourceQuality "1"]

1. c4 e5 2. g3 Nf6 3. Bg2 d5 4. cxd5 Nxd5 5. Nf3 Nc6 6. O-O Nb6 7. d3 Be7 8.
Nbd2 {Diese Springerentwicklung wird relativ selten gewählt. Weiß vermeidet
damit die theoretischen Hauptvarianten und kann später mit b3-Bb2, a3 eine
Igelstellung erreichen.} O-O 9. a3 a5 {Immer ein nützlicher Zug - Schwarz
verhindert Raumgewinn mit b2-b4.} 10. b3 Be6 11. Bb2 f6 12. Qc2 Qd7 13. Rfd1 (
13. e3 Bd5 14. Rfd1 Rfd8 15. Nc4 (15. d4 exd4 16. Nxd4 Bxg2 17. Kxg2 Nxd4 18.
Bxd4 c5 19. Bc3 a4 {1/2-1/2 Dannevig,O-Tiviakov,S/Bergen 2000/CBM 77 ext (41)})
15... Qe6 16. Rac1 Bf8 17. Qe2 Qf7 18. Bf1 Be6 19. Nfd2 Nd5 20. Ne4 Rd7 {
1/2-1/2 Vallejo Pons,F-Tiviakov,S/Ohrid 2001/CBM 84 (49)}) 13... Rfd8 14. Rac1
{2005 wurde in dieser Stellung die Partie Portisch, L - Ruck,R Ungarische
Meisterschafft Remis gegeben.} (14. Nc4 Qe8 15. Rac1 (15. Nxb6 cxb6 16. d4 Rac8
17. dxe5 Nxe5 18. Rxd8 Qxd8 19. Qe4 Bd5 20. Qf5 Nxf3+ 21. Bxf3 Bxf3 22. exf3
Rc5 {1/2-1/2 Galyas,M-Anka,E/Budapest 2004/(35)}) 15... Qf7 16. Qb1 Bf8 17. Qa1
Nxc4 18. bxc4 e4 19. Nd4 Nxd4 20. Bxd4 exd3 21. exd3 Rd7 22. Bxb7 Rad8 {
1/2-1/2 Fierz,M-Ruck,R/Zurich 2005/(34)}) 14... Bf8 15. Qb1 (15. Nc4 Qf7 16.
Qb1 Nd5 17. d4 exd4 18. Nxd4 Nxd4 19. Rxd4 b5 20. Ne3 Nxe3 21. Bxa8 Rxa8 22.
fxe3 Bxb3 {1/2-1/2 Narciso Dublan,M-Kolev,A/Badalona 2001/EXT 2002 (30)}) 15...
Qf7 16. Qc2 {Weiß besitzt keine besseren Züge} Rd7 17. Ne1 (17. Ra1 $6 Rb8 18.
Nc4 a4 $1 19. bxa4 Nxc4 20. dxc4 Rxd1+ 21. Rxd1 Bxc4 {0-1 Foisor,C-Zhu Chen/
Kishinev 1995/EXT 97 (50)}) 17... Nd5 18. e3 {Dieser Zug schwächt die weiße
Bauernstruktur, aber früher oder später muss Weiß so spielen, sonst kommt Nd4.}
Rad8 {[%mdl 4] Nach üblichen Entwicklungszügen hat Schwarz eine bequeme
Stellung mit Raumvorteil.} 19. Nc4 Bg4 {Ein provokativer Zug von Schwarz; er
möchte die weiße Figurenstellung stören.} 20. Rd2 (20. f3 $6 Be6 $15) (20. Bf3
Bxf3 21. Nxf3 Qh5 $15) 20... b5 {Schwarz verjagt die einzige aktive weiße
Figur.} 21. e4 (21. h3 Be6 22. Nb6 cxb6 23. Qxc6 b4 24. axb4 Bxb4 25. Rdd1 Rd6
26. Qa4 Bxe1 27. Rxe1 Nb4 {[%cal Rb4d3,Rd3c1,Rd3e1]} 28. Ba3 Bd7 $19) 21...
Nde7 {Eine ruhige positionelle Fortsetzung.} (21... Ndb4 22. axb4 Nxb4 23. Nxe5
fxe5 24. Qb1 Qxb3 25. Bxe5 Qxb1 26. Rxb1 Bc5 $17) 22. Ne3 Be6 23. Qc5 (23. Nd5
Nd4 24. Bxd4 exd4 25. Nxe7+ Bxe7 $19 {[%cal Rf7b3,Re7a3]}) 23... Rb8 24. b4
axb4 25. axb4 Rb6 $1 {Ein starker Vorbereitungszug.} 26. N3c2 Nd4 $1 {[%csl
Rc5][%cal Gf8b4]} 27. Bxd4 (27. Nxd4 exd4 28. Nf3 Nc8 29. Qc2 Bxb4 30. Re2 c5)
27... Nc6 28. Qc3 exd4 29. Qb2 Ra6 $17 {[%csl Rb4,Gd4][%cal Ga6a2,Ga2b2]} 30.
Rb1 (30. Ra1 Rxa1 31. Qxa1 Bxb4 $17) 30... Ra2 31. Qc1 Ra4 32. Nf3 g6 {[%cal
Rf8h6,Rh6c1]} (32... Nxb4 33. Ncxd4) 33. Rd1 Bb3 34. Bh3 Rd8 35. e5 $2 {
Weiß verliert die Geduld und möchte aktiv spielen.} (35. Rb2 Bxb4 $17) 35...
Nxe5 36. Nxe5 (36. Nfxd4 Bxc2 (36... Bd5 $17) 37. Nxc2 Nf3+ 38. Kh1 Qd5 39. Bg2
Qh5 40. h4 Ra2 $17) 36... fxe5 37. Re1 Bg7 38. Na1 {Eine passive Fortsetzung,
aber die schwarze Stellung ist klar besser.} Bd5 39. Bg2 Bxg2 40. Kxg2 Rf8 41.
Qd2 Ra2 42. Nc2 Bh6 $1 {[%mdl 64]} (42... Bh6 $1 43. Qe2 e4 44. dxe4 (44. Kh1
Qxf2 45. Qxf2 Rxf2 46. Nxd4 Rxh2+ 47. Kg1 exd3 $19) (44. Rbd1 Qf3+ 45. Kg1 e3
46. Qxf3 Rxf3 47. Re2 Rxf2 $19) 44... d3 $19) 0-1